000 00542nam a22001217a 4500
008 230606b xxu||||| |||| 00| 0 eng d
082 _a338.9696
_bKSM
110 _cKenya
_dMay 22-23, 2006
245 _aNational Conference on Equity & Growth
_bTowards a Policy Agenda for Kenya
_cSociety for International Development, ActionAid International Kenya, African Woman and Child Feature Service, Swedish International Development Cooperation Agency
260 _aKenya
_bSociety for International Development
_c2006
300 _a202 p
942 _2ddc
_cBK
999 _c487
_d487